000 00651nam a2200253Ia 4500
003 OSt
005 20221006145436.0
006 a|||||r|||| 00| 0
007 ta
008 221006b |||||||| |||| 00| 0 eng d
020 _c
_3.25
024 _a14,834
037 _cTextual
040 _aEASL
_cEASL
_beng
041 _2eng
_aeng
082 _aO41,3xN5, L4
100 _aJENNER W J F Ed.
_966022
245 0 _aModern Chinese stories
260 _aNew York
_bOxford University Press
_c1974
300 _a13,271p.
_ccm.
650 _aCEL
942 _hO41,3xN5, L4
_cTEXL
_2CC
999 _c1082920
_d1082920